[Event "HUN-chT2 Toth 1314"]
[Site "Hungary"]
[Date "2013.09.08"]
[Round "1.12"]
[White "Melykuti, Ferenc"]
[Black "Craciun, Bianca"]
[Result "1/2-1/2"]
[WhiteElo "1562"]
[BlackElo "1615"]
[PlyCount "45"]
[EventDate "2013.09.08"]
[EventType "team-tourn"]
[EventRounds "11"]
[EventCountry "HUN"]
[SourceTitle "EXT 2016"]
[Source "ChessBase"]
[SourceDate "2015.10.08"]
[SourceVersion "1"]
[SourceVersionDate "2015.10.08"]
[SourceQuality "1"]
[WhiteTeam "Szentes"]
[BlackTeam "Gyula"]
[WhiteTeamCountry "HUN"]
[BlackTeamCountry "HUN"]

1. e4 c5 2. Bc4 Nf6 3. Nc3 d6 4. h3 g6 5. d3 Bg7 6. Nf3 0-0 7. 0-0 Nc6 8. a3 Bd7 9. Re1 Rc8 10. e5 Nxe5 11. Nxe5 dxe5 12. Rxe5 e6 13. Bg5 Qc7 14. Re3 Bc6 15. Rb1 Nd5 16. Bxd5 Bxd5 17. Nxd5 exd5 18. Re7 Qd6 19. Qe2 Qc6 20. Re1 h6 21. Bh4 Kh7 22. Qf3 Rce8 23. Qe2 1/2-1/2